| 000 | 01476cab a22002415a 4500 | ||
|---|---|---|---|
| 001 | L149302 | ||
| 008 | e2010 xxk 000 0 eng d | ||
| 035 | _a(Sirsi) u149303 | ||
| 041 | 0 | _aeng | |
| 100 | 1 | _aGould, Nicholas | |
| 245 | 0 | 2 |
_aA clear purchase decision _bthe EU public procurement remedies. _h[electronic resource] |
| 260 | _c2010 | ||
| 490 |
_aConstruction Journal _vFeb-Mar 2010, 22-23(2) |
||
| 520 | _aPublic procurement law regulates the purchasing by public-sector bodies of contracts for goods, works or services. EU public procurement law aims to increase competition and transparency to create opportunities for all EU businesses as well as promoting the free movement of goods and services. To achieve these objectives, an EU-wide framework has been established under the following Directives: Directive 2004/17/EC (the Procurement Directive) ? this co-ordinates procedures for the award of public works contracts, public supply contracts and public services contracts ? this sets out the remedies available to aggrieved bidders if they consider that contracting authorities have entered into contracts. | ||
| 590 | _aKA | ||
| 650 | 2 | 4 | _aDIRECTIVE 2004/17/EC |
| 650 | 2 | 4 | _aDIRECTIVE 89/665/EEC |
| 651 | 4 |
_aUnited Kingdom _y |
|
| 690 |
_aProcurement _96260 |
||
| 700 | 1 | _aBichenkov, Igor | |
| 856 | 4 | 8 |
_uhttps://www.rics.org/site/download_feed.aspx?fileID=5762&fileExtension=PDF _zView this item (member-only access) at www.rics.org |
| 942 | _n0 | ||
| 999 |
_c82121 _d82121 |
||